000 00567nam a22001937a 4500
999 _c3284
_d3284
003 OSt
005 20181107200157.0
008 181107b ||||| |||| 00| 0 eng d
040 _bDLC
_cDLC
082 _a294.51
_bF575H
100 _aO'Flaherty, Wendy Doniger
_d1975-
245 _aHindu Myths
_bA Sourcebook Translated From the Sankrit
260 _aIndia
_bPenguin Books India
_cc1975
300 _a358p.:
_c19cm
500 _aaaapendix
600 _2fiction
_xa sourcebook transated from the sankrit
700 _aO'Flaherty, Wendy Doniger
_d1975
942 _2ddc
_cBK